<?xml version="1.0" encoding="UTF-8"?>
<record
    xmlns:xsi="http://www.w3.org/2001/XMLSchema-instance"
    xsi:schemaLocation="http://www.loc.gov/MARC21/slim http://www.loc.gov/standards/marcxml/schema/MARC21slim.xsd"
    xmlns="http://www.loc.gov/MARC21/slim">

  <leader>01500nam a2200337 a 4500</leader>
  <datafield tag="999" ind1=" " ind2=" ">
    <subfield code="c">7798</subfield>
    <subfield code="d">7798</subfield>
  </datafield>
  <controlfield tag="001">991002787089706706</controlfield>
  <controlfield tag="003">OSt</controlfield>
  <controlfield tag="005">20231024125535.0</controlfield>
  <controlfield tag="008">020614s1977    spca   ||     000 ||cat  </controlfield>
  <datafield tag="017" ind1=" " ind2=" ">
    <subfield code="a">DL B. 44043-1977</subfield>
    <subfield code="b">Biblioteca de Catalunya</subfield>
  </datafield>
  <datafield tag="035" ind1=" " ind2=" ">
    <subfield code="a">(ES-BaCBU).b10604790</subfield>
  </datafield>
  <datafield tag="035" ind1=" " ind2=" ">
    <subfield code="a">(OCoLC)801960515</subfield>
  </datafield>
  <datafield tag="040" ind1=" " ind2=" ">
    <subfield code="a">ES-BaBC</subfield>
    <subfield code="b">cat</subfield>
    <subfield code="c">CDMR</subfield>
  </datafield>
  <datafield tag="043" ind1=" " ind2=" ">
    <subfield code="a">e-sp---</subfield>
    <subfield code="b">e-spcba</subfield>
    <subfield code="2">catmarc</subfield>
  </datafield>
  <datafield tag="080" ind1=" " ind2=" ">
    <subfield code="a">07(467.1)"18"(091)</subfield>
  </datafield>
  <datafield tag="090" ind1=" " ind2=" ">
    <subfield code="a">PN5319.B372</subfield>
    <subfield code="b">V65 1977</subfield>
  </datafield>
  <datafield tag="100" ind1="1" ind2=" ">
    <subfield code="a">Voltes, Pedro</subfield>
    <subfield code="9">1036</subfield>
  </datafield>
  <datafield tag="245" ind1="1" ind2="0">
    <subfield code="a">Barcelona i la seva premsa al segle XIX /</subfield>
    <subfield code="c">per Pere Voltes i Bou</subfield>
  </datafield>
  <datafield tag="260" ind1=" " ind2=" ">
    <subfield code="a">Barcelona :</subfield>
    <subfield code="b">Ajuntament de Barcelona. Delegaci&#xF3; de Cultura,</subfield>
    <subfield code="c">1977</subfield>
  </datafield>
  <datafield tag="300" ind1=" " ind2=" ">
    <subfield code="a">50 p. :</subfield>
    <subfield code="b">il. ;</subfield>
    <subfield code="c">17 cm</subfield>
  </datafield>
  <datafield tag="490" ind1="1" ind2=" ">
    <subfield code="a">Col&#xB7;lecci&#xF3; A. Duran i Sanpere ;</subfield>
    <subfield code="v">7</subfield>
  </datafield>
  <datafield tag="650" ind1=" " ind2="7">
    <subfield code="a">Premsa</subfield>
    <subfield code="z">Barcelona</subfield>
    <subfield code="x">Hist&#xF2;ria.</subfield>
    <subfield code="2">lemac</subfield>
    <subfield code="y">S. XIX</subfield>
  </datafield>
  <datafield tag="830" ind1=" " ind2="0">
    <subfield code="a">Col&#xB7;lecci&#xF3; A. Duran i Sanpere ;</subfield>
    <subfield code="v">7</subfield>
  </datafield>
  <datafield tag="907" ind1=" " ind2=" ">
    <subfield code="a">.b10604790</subfield>
    <subfield code="b">16-06-21</subfield>
    <subfield code="c">06-05-08</subfield>
    <subfield code="d">06-05-08</subfield>
    <subfield code="e">m</subfield>
    <subfield code="f">a</subfield>
    <subfield code="g">-</subfield>
    <subfield code="h">cat</subfield>
    <subfield code="i">spc</subfield>
    <subfield code="j">0</subfield>
    <subfield code="k">3</subfield>
  </datafield>
  <datafield tag="908" ind1=" " ind2=" ">
    <subfield code="a">BAB</subfield>
    <subfield code="a">BPEB</subfield>
    <subfield code="a">AHCB</subfield>
    <subfield code="a">BMVB</subfield>
    <subfield code="a">UPC</subfield>
    <subfield code="a">UVic-UCC</subfield>
    <subfield code="a">FBC</subfield>
    <subfield code="a">UPF</subfield>
    <subfield code="a">MUHBA</subfield>
    <subfield code="a">BMON</subfield>
    <subfield code="a">UdL</subfield>
    <subfield code="a">URV</subfield>
    <subfield code="a">UdG</subfield>
    <subfield code="a">CEC</subfield>
    <subfield code="a">DHUB</subfield>
    <subfield code="a">BPA</subfield>
    <subfield code="a">UB</subfield>
    <subfield code="a">AHS</subfield>
    <subfield code="a">MFM</subfield>
    <subfield code="a">GEPA</subfield>
    <subfield code="a">BC</subfield>
    <subfield code="a">UAB</subfield>
    <subfield code="a">ANC</subfield>
    <subfield code="a">URL</subfield>
    <subfield code="a">BCNexplor@</subfield>
    <subfield code="a">MS</subfield>
    <subfield code="a">ICGC</subfield>
    <subfield code="a">RACAB</subfield>
    <subfield code="a">MNAC</subfield>
    <subfield code="a">CHCC</subfield>
  </datafield>
  <datafield tag="940" ind1=" " ind2=" ">
    <subfield code="a">BC</subfield>
  </datafield>
  <datafield tag="942" ind1=" " ind2=" ">
    <subfield code="2">udc</subfield>
    <subfield code="c">FULLET</subfield>
  </datafield>
  <datafield tag="949" ind1=" " ind2=" ">
    <subfield code="a">1000139950</subfield>
    <subfield code="b">9B-2-51</subfield>
    <subfield code="c">1</subfield>
    <subfield code="d">0</subfield>
    <subfield code="e">0</subfield>
    <subfield code="f">02.03.05</subfield>
    <subfield code="g">1</subfield>
    <subfield code="k">1000</subfield>
    <subfield code="m">02.03.05</subfield>
    <subfield code="n">02.03.05</subfield>
    <subfield code="o">0</subfield>
  </datafield>
  <datafield tag="949" ind1=" " ind2=" ">
    <subfield code="a">1003012302</subfield>
    <subfield code="b">D7 442/8</subfield>
    <subfield code="c">1</subfield>
    <subfield code="d">0</subfield>
    <subfield code="e">0</subfield>
    <subfield code="f">20.03.06</subfield>
    <subfield code="g">1</subfield>
    <subfield code="k">1300</subfield>
    <subfield code="m">20.03.06</subfield>
    <subfield code="n">20.03.06</subfield>
    <subfield code="o">0</subfield>
    <subfield code="p">Fons: Isidre Carn&#xE9; i Gran&#xE9;</subfield>
  </datafield>
  <datafield tag="949" ind1=" " ind2=" ">
    <subfield code="a">1009100897</subfield>
    <subfield code="b">B 1/2/6</subfield>
    <subfield code="c">1</subfield>
    <subfield code="d">0</subfield>
    <subfield code="e">0</subfield>
    <subfield code="f">21.02.06</subfield>
    <subfield code="g">1</subfield>
    <subfield code="k">1900</subfield>
    <subfield code="m">21.02.06</subfield>
    <subfield code="n">21.02.06</subfield>
    <subfield code="o">0</subfield>
    <subfield code="p">Fons: Biblioteca (R.5497)</subfield>
  </datafield>
  <datafield tag="952" ind1=" " ind2=" ">
    <subfield code="0">0</subfield>
    <subfield code="1">0</subfield>
    <subfield code="4">0</subfield>
    <subfield code="7">0</subfield>
    <subfield code="a">CDMR</subfield>
    <subfield code="b">CDMR</subfield>
    <subfield code="d">2023-10-24</subfield>
    <subfield code="e">Donaci&#xF3;</subfield>
    <subfield code="g">10.00</subfield>
    <subfield code="l">0</subfield>
    <subfield code="o">Du 9/71</subfield>
    <subfield code="p">CDMR23100019</subfield>
    <subfield code="r">2023-10-24</subfield>
    <subfield code="w">2023-10-24</subfield>
    <subfield code="y">FULLET</subfield>
  </datafield>
</record>
